00683nam a2200217Ia 4500003000900000008004100009020001800050040001600068080001200084100002800096245006000124260003700184300001600221650001800237650004100255650002200296700002700318942000700345999001500352952009800367IN-BaIIA211028s9999 xx 000 0 eng d a0-7216-7099-7 cIIA Library a52bPAS aPasachoff, Jay M910920 0aUniversity astronomycJay M Pasachoff and Marc L Kutner aPhiladelphiabW B Saundersc1978 axvii, 763p. aastronomy980 aAstronomy and astrophysics thesaurus aAstrophysics9794 aKutner, Marc L.911061 cBK c6444d6444 00104070aBANbBANcGENd1980-01-23l0o52/ PASp7175r2021-11-05w1980-01-23yBKG£ 13.50